00424nam a2200169Ia 4500003000400000005001700004008004100021020001800062050002300080100002000103245004200123260003500165300003300200440000600233521000700239526000800246OSt20140313132012.0140130s9999 xx 000 0 und d a9780439389150 aQA 113b.P342 2003 aPallota, Jerry  aCount to a Million /cJerry Pallota. bScholastic,c2003.anew York : a30 p. :bcol. ill. ;c24 cm. v1 aG2 c450